Research methods for social work
Includes bibliography and index.; Neal A. Newfield, Ph.D., LICSW (Giver)
Đã lưu trong:
| Príomhúdar: | |
|---|---|
| Údair Eile: | |
| Formáid: | Leabhar |
| Teanga: | Undetermined |
| Foilsithe: |
Pacific Grove
Brooks/Cole Pub. Co
1997
|
| Ábhair: | |
| Rochtain Ar Líne: | http://lrc.tdmu.edu.vn/opac/search/detail.asp?aID=2&ID=31483 |
| Clibeanna: |
Cuir Clib Leis
Gan Chlibeanna, Bí ar an gcéad duine leis an taifead seo a chlibeáil!
|
| Thư viện lưu trữ: | Trung tâm Học liệu Trường Đại học Thủ Dầu Một |
|---|
| LEADER | 00786nam a2200217Ia 4500 | ||
|---|---|---|---|
| 001 | TDMU_31483 | ||
| 008 | 210410s9999 xx 000 0 und d | ||
| 082 | |a 361.32 | ||
| 090 | |b R505 | ||
| 100 | |a Rubin, Allen | ||
| 245 | 0 | |a Research methods for social work | |
| 245 | 0 | |c Allen Rubin, Earl Babbie | |
| 260 | |a Pacific Grove | ||
| 260 | |b Brooks/Cole Pub. Co | ||
| 260 | |c 1997 | ||
| 300 | |a xxvii,758p. | ||
| 520 | |a Includes bibliography and index.; Neal A. Newfield, Ph.D., LICSW (Giver) | ||
| 650 | |a Social service |x Research |x Methodology; Dịch vụ xã hội |x Phương pháp nghiên cứu | ||
| 700 | |a Babbie, Earl R | ||
| 856 | |u http://lrc.tdmu.edu.vn/opac/search/detail.asp?aID=2&ID=31483 | ||
| 980 | |a Trung tâm Học liệu Trường Đại học Thủ Dầu Một | ||